000 00768nac a22002171u 4500
010 _a 85006659
020 _a0443029687 (pbk.) :
082 0 0 _a616.4
_bSt481
090 _c3496
_d3496
100 _aStevenson, John C.
245 1 0 _aAids to endocrinology /
_cJohn C. Stevenson, Pritpal Chahal.
260 _aEdinburgh ;
_aNew York :
_bChurchill Livingstone,
_c1985.
300 _a158 p. :
_bill. ;
_c22 cm.
500 _aDonations.
500 _aDonations - Bibliotheca Alexandrina.
650 0 _aEndocrine glands
_xDiseases.
650 0 _aEndocrine Diseases.
700 1 _aChahal, Pritpal.
942 _cBB
_k616.4St481
999 _c3496
_d3496